00333nam a2200133 a 4500008004100000020001500041050001500056100002000071245002100091260004200112350000900154650001400163650002200177120416s1995 ||||||||||||||||| || u a0521497698 aHB 846 Myl aMyles, Gareth D10aPublic economics aCambridgebThe University Pressc1995 a0.00 0aECONOMICS 0aECONOMICS--PUBLIC